Sto lidových písní

Bibliographic Details
Main Author: Aim, Vojtěch Bořivoj (Author)
Format: Book
Language:Czech
PhysicalDescription:48 s. 19 cm
Published: Praha Státní nakladatelství 1936
Series:Zaspívejme si! : Zpěvníčky školského rozhlasu sv. 1

MARC

LEADER 00000nam a2200000 a 4500
001 vtls001156116
003 SK-MaSNL
005 20260302064656.0
008 250414s1936 CS 0 cze
035 |a SNK000099013 
040 |a SNK  |b slo  |c SNK  |e AACR2 
041 0 |a cze 
044 |a [CS] 
080 |a 398.8(437)  |2 1981 
100 1 |a Aim, Vojtěch Bořivoj  |4 aut  |9 727081 
245 1 0 |a Sto lidových písní  |c Vojtěch Bořivoj Aim 
260 |a Praha  |b Státní nakladatelství  |c 1936  |e B.m.  |f b.t. 
300 |a 48 s.  |c 19 cm 
490 0 |a Zaspívejme si! : Zpěvníčky školského rozhlasu  |v sv. 1 
500 |a Názov: 100 lidových ... 
852 |a Slovenská národná knižnica 
954 |a piesne ľudové české  |a piesne ľudové slovenské  |a piesne ľudové moravské 
999 |c 1138721  |d 1140651 
952 |t P60, <04>, [BOOK], {604}  |a SNK  |b SNK  |y VYP  |7 0  |p 17A0335144  |o snkID 2797/1  |0 0  |1 0  |4 0  |d 2002-02-26  |l 0  |r 2005-01-01 00:00:00  |w 2026-02-24